[Event "AUTO-OPEN-1345"]
[Site "http://www.queenalice.com/game.php?id=568688"]
[Date "2009.4.8"]
[Round "2"]
[White "Pagano"]
[Black "limenho"]
[Result "1-0"]
[WhiteElo "2036"]
[BlackElo "2083"]

1. f4 d5 2. Nf3 c5 3. b3 Nc6 4. Bb2 e6 5. e3 Nf6 6. Bb5 a6 7. Bxc6+ bxc6 8. O-O
Be7 9. d3 O-O 10. Nbd2 Bb7 11. c4 Nd7 12. e4 Qc7 13. e5 f6 14. Qe1 Rae8 15. Qg3
Bc8 16. Rae1 Nb8 17. h4 a5 18. h5 Na6 19. h6 g6 20. Nh4 Bd8 21. Nxg6 hxg6 22.
Qxg6+ Kh8 23. exf6 Qf7 24. Qg7+ 1-0

[Event "AUTO-OPEN-1345"]
[Site "http://www.queenalice.com/game.php?id=568689"]
[Date "2009.4.8"]
[Round "2"]
[White "limenho"]
[Black "Pagano"]
[Result "1/2-1/2"]
[WhiteElo "2111"]
[BlackElo "2033"]

1. d4 d5 2. g3 c5 3. c3 Nf6 4. Bg2 Nc6 5. Bg5 cxd4 6. cxd4 Qb6 7. Qd2 Qxd4 8.
Nf3 Qxd2+ 9. Nbxd2 e6 10. Bxf6 gxf6 11. O-O Bd6 12. e4 d4 13. Nc4 Bc5 14. e5
Nxe5 15. Nfxe5 fxe5 16. Nxe5 f6 17. Nd3 Bb6 18. Rfe1 Kf7 19. Rac1 Rb8 20. b4 e5
21. Nc5 Ke7 22. f4 Kd6 23. Ne4+ Ke7 24. Nc5 Kd6 25. Ne4+ Ke7 26. Nc5 Kd6 1/2-1/2

[Event "Challenge"]
[Site "http://www.queenalice.com/game.php?id=577487"]
[Date "2009.4.25"]
[Round "-"]
[White "garca"]
[Black "limenho"]
[Result "1-0"]
[WhiteElo "1832"]
[BlackElo "2131"]

1. e4 e5 2. Nf3 Nc6 3. d3 h6 4. h3 Nf6 5. Be2 d5 6. exd5 Nxd5 7. Bd2 f5 8. Nc3
Be6 9. Nxd5 Bxd5 10. O-O Qd7 11. Nh2 O-O-O 12. Bf3 Be6 13. Re1 Bd6 14. Bc3 Nd4
15. Bd2 g5 16. c3 g4 17. hxg4 Nxf3+ 18. Qxf3 fxg4 19. Qe3 Kb8 20. a4 Bd5 21. c4
Bc6 22. b4 e4 23. b5 Bxh2+ 24. Kxh2 Qd6+ 25. Kg1 Bd7 26. Qxe4 Bc8 27. Bf4 Qxd3
28. Qe5 Qh7 29. a5 Rhe8 30. Qc5 Qd7 31. b6 1-0

[Event "AUTO-INT-1025"]
[Site "http://www.queenalice.com/game.php?id=588850"]
[Date "2009.5.15"]
[Round "2"]
[White "kanibal"]
[Black "limenho"]
[Result "1-0"]
[WhiteElo "1405"]
[BlackElo "1978"]

1. e4 c5 2. Bb5 Nc6 3. Bxc6 bxc6 4. Nf3 Ba6 5. d3 d5 6. exd5 cxd5 7. Ne5 Nf6 8.
Bg5 e6 9. O-O Qb8 10. Bxf6 gxf6 11. Nc6 Qc7 12. Nxa7 Qxa7 13. Qf3 f5 14. Qf4 Qb8
15. Qxb8+ Rxb8 16. b3 Bg7 17. c3 Bxd3 18. Rd1 Bxb1 19. Raxb1 Bxc3 20. Rbc1 Bb4
21. Ra1 Ra8 22. g3 Rg8 23. h3 f4 24. Rd3 Ke7 25. g4 h5 26. Kg2 hxg4 27. h4 Rh8
28. Rh1 Rh5 29. f3 Rxa2+ 30. Kf1 Ra1+ 31. Kg2 Rxh1 32. Kxh1 Rxh4+ 33. Kg2 gxf3+
34. Rxf3 Rg4+ 35. Kf1 e5 36. Rh3 1-0

[Event "AUTO-INT-1025"]
[Site "http://www.queenalice.com/game.php?id=588851"]
[Date "2009.5.15"]
[Round "2"]
[White "limenho"]
[Black "kanibal"]
[Result "1-0"]
[WhiteElo "1976"]
[BlackElo "1407"]

1. d4 d5 2. Nf3 Bg4 3. Ne5 Bf5 4. c4 f6 5. Nf3 dxc4 6. Qa4+ Nc6 7. Nc3 e5 8.
dxe5 fxe5 9. Nxe5 Ne7 10. e4 Bd7 11. Bxc4 Nxe5 12. Qb3 Nxc4 13. Qxc4 Bc6 14. O-O
a6 15. Bg5 h6 16. Rad1 Qc8 17. Bh4 Qg4 18. Bg3 Rc8 19. b4 Bb5 20. Nxb5 axb5 21.
Qxb5+ c6 22. Qxb7 g5 23. f3 Qe6 24. Bd6 Rd8 25. e5 Rd7 26. Qa8+ Rd8 27. Qa4 Nd5
28. Qxc6+ Rd7 29. Rxd5 Bxd6 30. Rxd6 Qe7 31. Re6 Qxe6 32. Qxe6+ Re7 33. Qc8+ Kf7
34. Qxh8 Kg6 35. Qf6+ 1-0

[Event "AUTO-MASTER-621"]
[Site "http://www.queenalice.com/game.php?id=594914"]
[Date "2009.5.28"]
[Round "2"]
[White "jhonystrike"]
[Black "limenho"]
[Result "1-0"]
[WhiteElo "2176"]
[BlackElo "1948"]

1. d4 Nf6 2. c4 Nc6 3. Nf3 d5 4. cxd5 Nxd5 5. e4 Nb6 6. d5 Nb8 7. Nc3 e6 8. Bf4
exd5 9. exd5 Bb4 10. Qe2+ Kf8 11. O-O-O Bd6 12. Qe3 N8d7 13. Ne4 Qe7 14. Bb5 f6
15. Rhe1 Ne5 16. Nxe5 fxe5 17. Bg5 Qf7 18. Nxd6 cxd6 19. Qa3 Qc7+ 20. Kb1 Bf5+
21. Ka1 Kf7 22. Rc1 Qb8 23. Qf3 Kg6 24. g4 Bc8 25. Bd3+ 1-0

[Event "AUTO-MASTER-621"]
[Site "http://www.queenalice.com/game.php?id=594915"]
[Date "2009.5.28"]
[Round "2"]
[White "limenho"]
[Black "jhonystrike"]
[Result "0-1"]
[WhiteElo "1966"]
[BlackElo "2129"]

1. d4 Nf6 2. c4 e5 3. dxe5 Ng4 4. Nf3 Nc6 5. Bf4 f6 6. exf6 Qxf6 7. Qc1 Bc5 8.
e3 Nxf2 9. Kxf2 Qxf4 10. Nc3 O-O 11. Na4 Qh4+ 12. Kg1 Qe7 13. Nxc5 Qxc5 14. Qc3
d6 15. Nd4 Bd7 16. Be2 Rae8 17. Bf3 Qg5 18. Re1 Nxd4 0-1

[Event "AUTO-MASTER-621"]
[Site "http://www.queenalice.com/game.php?id=594916"]
[Date "2009.5.28"]
[Round "2"]
[White "franliro"]
[Black "limenho"]
[Result "1-0"]
[WhiteElo "2046"]
[BlackElo "2075"]

1. e4 c5 2. Nf3 d5 3. exd5 Qxd5 4. Nc3 Qe6+ 5. Be2 g6 6. O-O Bg7 7. Re1 Qb6 8.
Na4 Qa5 9. c4 Bd7 10. Nc3 Nc6 11. Nd5 e6 12. Nf4 Nge7 13. d4 cxd4 14. Bd2 Qc7
15. Bd3 e5 16. Nd5 Nxd5 17. cxd5 Ne7 18. Qb3 a5 19. a4 O-O 20. Be4 Qd6 21. Rac1
f5 22. Bb1 e4 23. Bg5 Nxd5 24. Nxd4 Bxd4 25. Red1 Qe5 26. Bh6 Rfd8 27. Rxd4 Qxd4
28. Rd1 Bxa4 29. Rxd4 Bxb3 30. Bd2 1-0

[Event "AUTO-MASTER-621"]
[Site "http://www.queenalice.com/game.php?id=594917"]
[Date "2009.5.28"]
[Round "2"]
[White "limenho"]
[Black "franliro"]
[Result "1-0"]
[WhiteElo "1957"]
[BlackElo "2032"]

1. d4 d5 2. Nf3 c5 3. e3 Bg4 4. Bb5+ Nc6 5. c4 a6 6. Bxc6+ bxc6 7. Qa4 Qb6 8.
Ne5 Bd7 9. cxd5 Qb5 10. Nc3 Qxa4 11. Nxa4 cxd5 12. Nxd7 Kxd7 13. Nb6+ Kc6 14.
Nxa8 Kb7 15. dxc5 Kxa8 16. b4 e5 17. Bb2 f6 18. Ke2 Kb7 19. Rab1 Ne7 20. Rhc1
Kc6 21. a4 Nc8 22. Ba3 Na7 23. Kd3 Be7 24. Rc3 f5 25. Rcb3 Rb8 26. Bb2 e4+ 27.
Kd2 g6 28. Be5 Rb7 29. Kc3 Kd7 30. Bd4 Kc6 31. f3 exf3 32. gxf3 Bh4 33. Kd3 Bd8
34. e4 dxe4+ 35. fxe4 fxe4+ 36. Kxe4 Re7+ 37. Kd3 Rb7 38. Kc4 Kd7 39. b5 axb5+
40. axb5 Kc8 41. c6 Re7 42. Bxa7 Rxa7 43. b6 Ra4+ 44. Kb5 Rh4 45. R1b2 Rh5+ 46.
Ka6 Rh4 47. Ra2 Be7 48. Ka7 Bd6 49. b7+ 1-0

[Event "Let's Play Chess!"]
[Site "http://www.queenalice.com/game.php?id=597472"]
[Date "2009.6.3"]
[Round "-"]
[White "dida"]
[Black "limenho"]
[Result "1-0"]
[WhiteElo "1435"]
[BlackElo "2004"]

1. e4 e5 2. Bc4 Nf6 3. Qe2 Bc5 4. a3 O-O 5. d3 c6 6. h3 d5 7. exd5 cxd5 8. Bb5
a6 9. Ba4 b5 10. Bb3 Bb7 11. Nf3 e4 12. Ng5 exd3 13. cxd3 h6 14. Nf3 Re8 15. Ne5
Nbd7 16. Bf4 Nxe5 17. Bxe5 Nd7 18. O-O Rxe5 19. Qf3 Qf6 20. Qxf6 Nxf6 21. Nd2 d4
22. f3 Bd5 23. Bxd5 Nxd5 24. Ne4 Ne3 25. Rf2 f5 26. Nxc5 Rxc5 27. a4 Rac8 28.
axb5 1-0

[Event "AUTO-OPEN-1466"]
[Site "http://www.queenalice.com/game.php?id=603732"]
[Date "2009.6.15"]
[Round "2"]
[White "Meirebel"]
[Black "limenho"]
[Result "0-1"]
[WhiteElo "1939"]
[BlackElo "2074"]

1. e4 e5 2. Nf3 Nc6 3. Bc4 Be7 4. O-O Nf6 5. Nc3 O-O 6. a3 d6 7. d3 Be6 8. Nd5
Qd7 9. Bg5 Qd8 10. Nxe7+ Qxe7 11. d4 Bxc4 0-1

[Event "AUTO-OPEN-1466"]
[Site "http://www.queenalice.com/game.php?id=603733"]
[Date "2009.6.15"]
[Round "2"]
[White "limenho"]
[Black "Meirebel"]
[Result "1-0"]
[WhiteElo "2089"]
[BlackElo "1932"]

1. d4 d5 2. Nf3 Nf6 3. Bf4 Nc6 4. e3 Nh5 5. Ne5 Nxf4 6. exf4 Bf5 7. g4 Nxe5 8.
fxe5 Be4 9. f3 Bg6 10. h4 h5 11. Bd3 e6 12. Bxg6 fxg6 13. Qd3 hxg4 14. Qxg6+ Kd7
15. Qxg4 g5 16. h5 Bh6 17. Nd2 Rf8 18. O-O-O Rf4 19. Qg3 Rxd4 20. Ne4 Rxd1+ 21.
Rxd1 Qe7 22. Nf6+ Kc6 23. Qg4 Rf8 24. Qa4+ b5 25. Qa6+ Kc5 26. c3 g4+ 27. Kc2
Rxf6 28. b4+ Kc4 29. Qc6+ Qc5 30. Qxc5# 1-0

[Event "AUTO-OPEN-1466"]
[Site "http://www.queenalice.com/game.php?id=603744"]
[Date "2009.6.15"]
[Round "2"]
[White "limenho"]
[Black "jotat"]
[Result "0-1"]
[WhiteElo "1969"]
[BlackElo "2244"]

1. d4 d5 2. g3 e6 3. c4 dxc4 4. Bg2 Nf6 5. Qa4+ Nbd7 6. Qxc4 Nb6 7. Qd3 c5 8.
Nf3 cxd4 9. O-O Be7 10. Rd1 O-O 11. Qxd4 Qxd4 12. Rxd4 Bc5 13. Rd1 Ng4 14. e3
Nd5 15. a3 Bd7 0-1

[Event "AUTO-OPEN-1466"]
[Site "http://www.queenalice.com/game.php?id=603745"]
[Date "2009.6.15"]
[Round "2"]
[White "jotat"]
[Black "limenho"]
[Result "1-0"]
[WhiteElo "2240"]
[BlackElo "1974"]

1. e4 c5 2. g3 Nf6 3. e5 Nd5 4. Nc3 Nxc3 5. dxc3 Nc6 6. Nf3 g6 7. Bc4 Bg7 8. Qd5
O-O 9. Qxc5 b6 10. Qe3 Bb7 11. O-O Qc7 12. Re1 Na5 13. Be2 Nc4 14. Bxc4 Qxc4 15.
Nd2 1-0

[Event "QA-ANNIV-05"]
[Site "http://www.queenalice.com/game.php?id=604191"]
[Date "2009.6.15"]
[Round "1"]
[White "xSmashOrBeSmashedx"]
[Black "limenho"]
[Result "1-0"]
[WhiteElo "1887"]
[BlackElo "2099"]

1. e4 c5 2. b4 b6 3. Nf3 Bb7 4. bxc5 bxc5 5. Nc3 g6 6. Bb5 Bg7 7. Bb2 Nc6 8. O-O
e6 9. Na4 Nf6 10. Nxc5 Qb6 11. Nxb7 Qxb7 12. Qe2 a6 13. Ba4 Qxb2 14. Bb3 Qa3 15.
e5 Ng4 16. d4 O-O 17. c3 Rfc8 18. Nd2 Nh6 19. Nc4 Rcb8 20. Nxa3 1-0